00346 a2200109 4500001001000000005001700010008004100027245005000068100002200118773007900140999001700219ART_1156520260410161858.0260409a 10aDeterministic and stochastic policy decisions1 aYoung, Richard M.0 tJournal of public economicsg- Vol. 5, NÂș 3/4 (abr./mayo. 1976)wREV11485 c25643d25643